El túnel / (Registro nro. 2851)

Detalles MARC
000 -LEADER
fixed length control field 00558nam a2200193 a 4500
008 - CAMPO DE CONTROL (LIBRO)
fixed length control field 190917e1985 ag |||g |||| 001 1 spa d
020 ## - INTERNATIONAL STANDARD BOOK NUMBER
ISBN S/D
041 ## - CODIGO DE IDIOMA
Código de idioma del texto/pista de sonido o título separado spa
092 ## - SIGNATURA TOPOGRAFICA DEWEY LOCAL
número de clasificación 808
libristica 77
sección SAB
100 1# - ENTRADA PRINCIPAL--NOMBRE PERSONAL
Nombre personal Sabato, Ernesto
9 (RLIN) 3235
245 3# - TITULO PROPIAMENTE DICHO
Título El túnel /
Mención de responsabilidad y remanente de la transcripción de la portada Ernesto Sabato
250 ## - MENCION DE EDICION
Mención de edición 1a ed.
260 ## - PIE DE IMPRENTA
Lugar de publicación, distribución, etc Buenos Aires:
Nombre de la editorial, distribuidor, etc Seix Barral;
Fecha de publicación 1985.
300 ## - DESCRIPCION FISICA
Extension 137 p.
500 ## - NOTA GENERAL
Nota general Sabato, E. (1985). El túnel. (1a ed.). Buenos Aires : Seix Barral.
590 ## - NOTAS LOCALES (RLIN)
Nota local Donacion Prof. Susana Sánchez, febrero 2019.
655 ## - MATERIA - GENERO/FORMA
Género/Forma Literatura
-- 2917
942 ## - ADDED ENTRY ELEMENTS (KOHA)
Source of classification or shelving scheme Dewey Decimal Classification
Item type LITERATURA
Existencias
Estado de retiro Existencia Fuente de clasificación Estado general No para prestamo Ubicación permanente ubicación actual Sala de ubicación Fecha de adquisición Fuente de adquisición Total Checkouts Total Renewals Número de clasificación Código de barras Date last seen Date last borrowed Número de ejemplar Price effective from Koha tipo de elemento (item) Public note
    Dewey Decimal Classification     Biblioteca Medicina Biblioteca Medicina Circulación 11/02/2019 Donación Prof. Susana Sánchez, Febrero 2019 3 2 808 77 SAB 4378 14/11/2025 29/10/2025 Ej. 1 11/02/2019 LITERATURA Proyecto 4to libro. Donación Prof. Susana Sánchez, Febrero 2019

UNIVERSIDAD NACIONAL DEL COMAHUE
Biblioteca de la Facultad de Ciencias Médicas
Sede Toschi: Los Arrayanes y Av. Toschi, Cipolletti  - Rio Negro
Sede Los Tordos:  Yrigoyen al 2211, Cipolletti - Rio Negro 

Teléfono: 0299 - 4774707 int 25
Contacto: biblioteca@facimed.uncoma.edu.ar
© 2011 - 2026